| 000 | 00000nas 2200000za 4500 |
| 001 | 9.503319 |
| 003 | CaOODSP |
| 005 | 20231123085002 |
| 007 | cr ||||||||||| |
| 008 | 150406d20052005oncar p o f0 b0fre|d |
| 020 | |z0-662-68825-2 |
| 040 | |aCaOODSP|bfre |
| 043 | |an-cn--- |
| 086 | 1 |aIT1-2F-PDF|zIT1-2/2005 |
| 110 | 1 |aCanada. |bAffaires étrangères et commerce international Canada. |
| 245 | 10|aOuverture sur le monde, priorités du Canada en matière d'accès aux marchés internationaux |h[ressource électronique]. |
| 260 | |a[Ottawa] : |bMinistère des affaires étrangères et du commerce international. |
| 310 | |aAnnuel |
| 362 | 1 |aParaît depuis 2005; ne paraît plus après 2005. |
| 500 | |aPubl. aussi en anglais sous le titre : Opening doors to the world, Canada's international market access priorities. |
| 691 | 07|aCommerce extérieur|2gcpds |
| 775 | 08|tOpening doors to the world, Canada's international market access priorities |w(CaOODSP)9.506924 |
| 780 | 00|tOuverture sur le monde, priorités du Canada en matière d'accès aux marchés internationaux |w(CaOODSP)9.503318 |
| 785 | 00|tOuverture sur le monde, priorités du Canada en matière d'accès aux marchés internationaux |w(CaOODSP)9.503320 |